Online Catalogue and eLibrary

Wanithavanta pamanay (Record no. 1639)

MARC details
000 -LEADER
fixed length control field 00340nam a2200145Ia 4500
005 - DATE AND TIME OF LATEST TRANSACTION
control field 20250617025011.0
008 - FIXED-LENGTH DATA ELEMENTS--GENERAL INFORMATION
fixed length control field 240331s9999 xx 000 0 und d
082 ## - DDC Classification
Item Number - Author Mark DES
Class No. 305
100 ## - MAIN ENTRY--PERSONAL NAME
Personal name De Silva, A
245 #0 - TITLE STATEMENT
Title Wanithavanta pamanay
260 ## - PUBLICATION, DISTRIBUTION, ETC.
Place of publication, distribution, etc. Dankotuwa
Name of publisher, distributor, etc. Author Publishers
Date of publication, distribution, etc. 1994
300 ## - PHYSICAL DESCRIPTION
Extent (e.g. Volumes, Pages etc.) 87 p .,
650 ## - SUBJECT ADDED ENTRY--TOPICAL TERM
Topical term or geographic name entry element women
942 ## - Koha item type (Biblio)
Koha item type Books in Stacks (Lending)
Holdings
Lost status Damaged status Collection code Home library Current library Shelving location Date acquired Full call number Accession Number Item type
    Lending WERC Library WERC Library Social Science Cupboard 03/31/2024 305.4 DES 5404 Books in Stacks (Lending)

© WERC Library